000 01025nam a22002777a 4500
005 20260206195748.0
008 260206s mx a|||| |||| 001 0 spa d
020 _a968-6285-59-8
040 _aISBN
_bspa
041 _aspa
_hspa
082 0 4 _a1992 ,
_b759.972 /
_2F476
100 _aBORRÁS, MARIA LLUÏSA
245 _aFERNANDO GARCIA PONCE
260 _aMÉXICO,
_bEL EQUILIBRISTA ,
_c1992.
300 _a265 páginas ;
_c29.5 x 28 cm
336 _2rdacontent
_atexto
_btxt
337 _2rdamedia
_asin mediación
_bn
338 _2rdacarrier
_avolumen
_bnc
505 _aLA EDICION CONSTA DE CUATRO MIL QUINIENTOS EJEMPLARES EN ESPAÑOL Y DOS MIL EJEMPLARES EN INGLES, ENCUADERNADOS EN TELA POR ENCUADERNACIÓN RAMOS.
650 _aLAS ARTES BELLAS ARTES Y ARTES DECORATIVAS
650 _aPINTURA Y PINTURAS
650 _aTRATAMIENTO HISTÓRICO, GEOGRÁFICO, DE PERSONAS
700 _aSIERRA KNÖPFLER, SARA
_eCOORDINACION DEL PROYECTO
700 _aGARCÍA DE OTEYZA, JUAN
_eEDITOR
942 _2ddc
_cGENERAL
999 _c68513
_d68513